Global Monitoring report : (Record no. 11784)
[ view plain ]
| 000 -LEADER | |
|---|---|
| fixed length control field | 01244cam a22002774a 4500 |
| 001 - CONTROL NUMBER | |
| control field | 15629084 |
| 005 - DATE AND TIME OF LATEST TRANSACTION | |
| control field | 20090305145151.0 |
| 008 - FIXED-LENGTH DATA ELEMENTS--GENERAL INFORMATION | |
| fixed length control field | 090218s2009 dcua b 000 0 eng |
| 020 ## - INTERNATIONAL STANDARD BOOK NUMBER | |
| International Standard Book Number | 9780821373842 |
| 040 ## - CATALOGING SOURCE | |
| Original cataloging agency | DLC |
| Transcribing agency | DLC |
| 082 ## - DEWEY DECIMAL CLASSIFICATION NUMBER | |
| Edition number | 22 |
| Classification number | 327.09045 |
| Item number | GLO |
| 245 00 - TITLE STATEMENT | |
| Title | Global Monitoring report : |
| Remainder of title | MDGs and the environment : Agenda for inclusive and sustainable develpment / |
| 260 ## - PUBLICATION, DISTRIBUTION, ETC. (IMPRINT) | |
| Place of publication, distribution, etc | Washington, DC : |
| Name of publisher, distributor, etc | World Bank, |
| Date of publication, distribution, etc | c.2008. |
| 300 ## - PHYSICAL DESCRIPTION | |
| Extent | xv, 180 p. : |
| Other physical details | ill. ; |
| Dimensions | 27 cm. |
| 504 ## - BIBLIOGRAPHY, ETC. NOTE | |
| Bibliography, etc | Includes bibliographical references. |
| 650 #0 - SUBJECT ADDED ENTRY--TOPICAL TERM | |
| Topical term or geographic name as entry element | Economic forecasting |
| Geographic subdivision | Developing countries. |
| 9 (RLIN) | 5982 |
| 650 #0 - SUBJECT ADDED ENTRY--TOPICAL TERM | |
| Topical term or geographic name as entry element | Economic forecasting. |
| 9 (RLIN) | 5983 |
| 650 #0 - SUBJECT ADDED ENTRY--TOPICAL TERM | |
| Topical term or geographic name as entry element | Economic history |
| Chronological subdivision | 1990- |
| 9 (RLIN) | 5984 |
| 650 #0 - SUBJECT ADDED ENTRY--TOPICAL TERM | |
| Topical term or geographic name as entry element | International economic relations. |
| 9 (RLIN) | 5985 |
| 651 #0 - SUBJECT ADDED ENTRY--GEOGRAPHIC NAME | |
| Geographic name | Developing countries |
| General subdivision | Economic conditions. |
| 9 (RLIN) | 5986 |
| 710 2# - ADDED ENTRY--CORPORATE NAME | |
| Corporate name or jurisdiction name as entry element | World Bank. |
| 9 (RLIN) | 5987 |
| 942 ## - ADDED ENTRY ELEMENTS (KOHA) | |
| Source of classification or shelving scheme | Dewey Decimal Classification |
| Item type | Book - Borrowing |
| Withdrawn status | Item status | Source of classification or shelving scheme | Damaged status | Not for loan | Vendor | Home library | Current library | Shelving location | Date acquired | Source of acquisition | Cost, normal purchase price | Serial Enumeration / chronology | Total Checkouts | Full call number | Barcode | Date last seen | Koha item type |
|---|---|---|---|---|---|---|---|---|---|---|---|---|---|---|---|---|---|
| Dewey Decimal Classification | MERIC | Central Library | Central Library | First floor | 10/06/2009 | 153.00 | 9083 | 327.09045 GLO | 000016672 | 15/07/2025 | Book - Borrowing | ||||||
| Dewey Decimal Classification | MERIC | Central Library | Central Library | First floor | 10/06/2009 | 105.00 | 9083 | 327.09045 GLO | 000016675 | 15/07/2025 | Book - Borrowing |